[Event "France 2019 - Accession"]
[Site "Chartres"]
[Date "2019.08.23"]
[Round "7.22"]
[White "Dutreuil, Raphael"]
[Black "Pourquet, Matthieu"]
[Result "1/2-1/2"]
[WhiteElo "2313"]
[BlackElo "2209"]
[PlyCount "190"]
[EventDate "2019.08.??"]
[EventType "swiss"]
[EventRounds "9"]
[EventCountry "FRA"]
[WhiteTeam "U.S.Villejuif Echecs"]
[BlackTeam "Vandoeuvre-Echecs"]

1. Nf3 d5 2. g3 Nf6 3. Bg2 c5 4. O-O g6 5. d3 Bg7 6. Nc3 O-O 7. e4 d4 8. Nb1
Nc6 9. a4 e5 10. Na3 Ne8 11. Nc4 Nd6 12. Nfd2 Be6 13. b3 Rc8 14. f4 f5 15. fxe5
Nxe5 16. Nxe5 Bxe5 17. Nf3 Bg7 18. Ng5 Qd7 19. Bh3 Rce8 20. Bf4 Qd8 21. Nxe6
Rxe6 22. Bxd6 Qxd6 23. exf5 Ref6 24. Qf3 gxf5 25. Bg2 b6 26. Qd5+ Kh8 27. Qxd6
Rxd6 28. Rae1 Bh6 29. Re7 Be3+ 30. Kh1 a5 31. g4 Rdf6 32. gxf5 Rxf5 33. Rxf5
Rxf5 34. Re6 Rf2 35. Rxb6 Rxc2 36. Be4 Kg7 37. Rb7+ Kf6 38. Rxh7 Kg5 39. Rg7+
Kf4 40. h4 Bf2 41. h5 Bg3 42. Rf7+ Kg4 43. Rg7+ Kf4 44. Kg1 Rc1+ 45. Kg2 Rc2+
46. Kf1 Rc1+ 47. Ke2 Rc2+ 48. Kd1 Rh2 49. Rf7+ Kg4 50. Rg7+ Kf4 51. Rf7+ Kg4
52. Bf3+ Kg5 53. Be2 Rh1+ 54. Kc2 Be1 55. Rg7+ Kh6 56. Rg6+ Kh7 57. Bf3 Rh2+
58. Kd1 Bb4 59. Be4 Rxh5 60. Rg5+ Kh6 61. Rg6+ Kh7 62. Ke2 Kh8 63. Kf3 Rh4 64.
Rg2 Bc3 65. Rg5 Bb4 66. Kg2 Bd2 67. Rxc5 Kg7 68. Rd5 Bc3 69. Kg3 Be1+ 70. Kf3
Bc3 71. Rd6 Kf7 72. Bf5 Ke7 73. Re6+ Kd8 74. Rc6 Ke7 75. Bg4 Bd2 76. Re6+ Kf7
77. Rd6 Bc3 78. Kf4 Rh1 79. Ke5 Re1+ 80. Kd5 Ke7 81. Rh6 Kf7 82. Bh5+ Ke7 83.
Bf3 Rg1 84. Rh5 Kf6 85. Rh3 Rb1 86. Kc4 Rg1 87. Be4 Rg8 88. Rf3+ Ke5 89. Rf5+
Kd6 90. Rd5+ Ke7 91. Rb5 Rd8 92. Rh5 Rb8 93. Bh7 Kd6 94. Rh6+ Ke5 95. Rh5+ Kd6
1/2-1/2

[Event "France 2019 - Accession"]
[Site "Chartres"]
[Date "2019.08.23"]
[Round "7.23"]
[White "Gao, Etienne"]
[Black "Bournel, Antoine"]
[Result "1-0"]
[WhiteElo "2256"]
[BlackElo "2259"]
[PlyCount "32"]
[EventDate "2019.08.??"]
[EventType "swiss"]
[EventRounds "9"]
[EventCountry "FRA"]
[WhiteTeam "Echiquier Club Le Mans"]
[BlackTeam "L'Echiquier Châlonnais"]

1. e4 g6 2. Nc3 c5 3. Nf3 Bg7 4. d3 Nc6 5. g3 e6 6. Bg2 Nge7 7. O-O O-O 8. Bg5
h6 9. Bd2 d5 10. h4 Rb8 11. exd5 exd5 12. Bf4 Ra8 13. Re1 Nf5 14. Qd2 Be6 15.
Ne5 Nxe5 16. Bxe5 Rc8 {gain blanc au 78ème coup} 1-0

[Event "France 2019 - Accession"]
[Site "Chartres"]
[Date "2019.08.23"]
[Round "7.24"]
[White "Papadiamandis, Elliot"]
[Black "Dalaud, Dorian"]
[Result "1/2-1/2"]
[WhiteElo "2216"]
[BlackElo "2165"]
[PlyCount "61"]
[EventDate "2019.08.??"]
[EventType "swiss"]
[EventRounds "9"]
[EventCountry "FRA"]
[WhiteTeam "C.E. de  Bois-Colombes"]
[BlackTeam "Cercle d'Echecs de Nantes"]

1. e4 c5 2. Nc3 Nc6 3. Nf3 d6 4. d4 cxd4 5. Nxd4 Nf6 6. f3 e5 7. Nb3 Be7 8. Be3
Be6 9. Nd5 Bxd5 10. exd5 Nb4 11. c4 a5 12. Qd2 b6 13. Be2 Na6 14. Rc1 O-O 15.
O-O Nd7 16. Bd3 Ndc5 17. Na1 Nxd3 18. Qxd3 Bg5 19. Bxg5 Qxg5 20. Nc2 Nb4 21.
Qb3 Nxc2 22. Rxc2 Rab8 23. f4 exf4 24. Rcf2 Rfe8 25. Rxf4 f6 26. R4f2 Qe3 27.
Qxe3 Rxe3 28. Rf3 Re2 29. R1f2 Re1+ 30. Rf1 Re2 31. R1f2 1/2-1/2

[Event "France 2019 - Accession"]
[Site "Chartres"]
[Date "2019.08.23"]
[Round "7.25"]
[White "Pottier, Simeon"]
[Black "Ek, Alexandre"]
[Result "1-0"]
[WhiteElo "2162"]
[BlackElo "2188"]
[PlyCount "73"]
[EventDate "2019.08.??"]
[EventType "swiss"]
[EventRounds "9"]
[EventCountry "FRA"]
[WhiteTeam "LEC Echiquier Limousin"]
[BlackTeam "Cercle d'Echecs de Villepinte"]

1. d4 Nf6 2. c4 e6 3. Nc3 c5 4. d5 exd5 5. cxd5 d6 6. e4 g6 7. f4 Bg7 8. Bb5+
Nfd7 9. a4 O-O 10. Nf3 Na6 11. O-O Nb4 12. Re1 Nf6 13. h3 a6 14. Bc4 Nd7 15.
Be3 b6 16. Bf2 Re8 17. Bg3 Bb7 18. e5 b5 19. axb5 Nb6 20. Bf1 dxe5 21. bxa6
Bxd5 22. Nxd5 Qxd5 23. fxe5 Qxd1 24. Rexd1 Nc2 25. Bb5 Rec8 26. Rac1 Nb4 27.
Rd6 N6d5 28. Rd7 Bh6 29. Rd1 Be3+ 30. Kh2 c4 31. Rb7 Ra7 32. e6 f6 33. Bd6 Nc6
34. Bxc6 Rxc6 35. Rb8+ Kg7 36. Bf8+ Kg8 37. Bh6+ 1-0

[Event "France 2019 - Accession"]
[Site "Chartres"]
[Date "2019.08.23"]
[Round "7.26"]
[White "Giacomini, Hector"]
[Black "Hutois, Mickael"]
[Result "1-0"]
[WhiteElo "2156"]
[BlackElo "2279"]
[PlyCount "93"]
[EventDate "2019.08.??"]
[EventType "swiss"]
[EventRounds "9"]
[EventCountry "FRA"]
[WhiteTeam "Echiquier Tourangeau"]
[BlackTeam "Echiquier de l'Erdre"]

1. Nf3 Nf6 2. e3 e6 3. d4 b6 4. Bd3 Bb7 5. O-O Be7 6. c4 O-O 7. Nc3 d6 8. e4
Nbd7 9. Re1 e5 10. d5 Nh5 11. Bd2 g6 12. Bh6 Ng7 13. Qc2 a5 14. a3 Nc5 15. b4
Nxd3 16. Qxd3 Bc8 17. c5 bxc5 18. bxc5 f5 19. cxd6 cxd6 20. Rab1 Rf7 21. Bxg7
Rxg7 22. Nd2 f4 23. Rb2 g5 24. Reb1 Ba6 25. Nb5 g4 26. a4 Bf8 27. Rc2 h5 28.
Rbc1 f3 29. Nf1 h4 30. Ne3 Bc8 31. Rc7 fxg2 32. Rxg7+ Bxg7 33. Kxg2 Qf8 34. Nf5
Bxf5 35. exf5 Qf6 36. Rc4 h3+ 37. Kf1 e4 38. Qxe4 Kf8 39. Nc7 Rb8 40. Ne6+ Kg8
41. Rd4 Bh6 42. Qxg4+ Kh8 43. Qxh3 Kh7 44. Rg4 Rg8 45. Rxg8 Kxg8 46. Qg4+ Kh8
47. Qd4 1-0

[Event "France 2019 - Accession"]
[Site "Chartres"]
[Date "2019.08.23"]
[Round "7.27"]
[White "Bacrot, Alexandre"]
[Black "Girel, Joseph"]
[Result "1/2-1/2"]
[WhiteElo "2272"]
[BlackElo "2157"]
[PlyCount "80"]
[EventDate "2019.08.??"]
[EventType "swiss"]
[EventRounds "9"]
[EventCountry "FRA"]
[WhiteTeam "La Tour Hyéroise"]
[BlackTeam "Marseille-Echecs"]

1. d4 Nf6 2. Nf3 e6 3. c4 d5 4. cxd5 exd5 5. Nc3 Bb4 6. Bg5 h6 7. Bxf6 Qxf6 8.
Qb3 Bxc3+ 9. bxc3 c6 10. e3 O-O 11. Bd3 Nd7 12. O-O Qd6 13. c4 dxc4 14. Qxc4 c5
15. Rac1 b6 16. Be4 Rb8 17. Rfd1 b5 18. Qd5 Qe7 19. Bb1 c4 20. Qh5 Rb6 21. e4
Bb7 22. e5 Bd5 23. Nh4 Qg5 24. Qxg5 hxg5 25. Nf5 Re8 26. Ne3 Bb7 27. h4 f6 28.
Bg6 Re7 29. Nf5 Ree6 30. h5 Kf8 31. g3 Bf3 32. Rd2 Rb8 33. Rc3 g4 34. Nh4 fxe5
35. Bf5 Rd6 36. Nxf3 gxf3 37. Rxf3 Nf6 38. g4 Rxd4 39. Re2 Rf4 40. Rxf4 exf4
1/2-1/2

[Event "France 2019 - Accession"]
[Site "Chartres"]
[Date "2019.08.23"]
[Round "7.29"]
[White "Suez-Panama, Gilles"]
[Black "Albaric, Etienne"]
[Result "0-1"]
[WhiteElo "1930"]
[BlackElo "2250"]
[PlyCount "202"]
[EventDate "2019.08.??"]
[EventType "swiss"]
[EventRounds "9"]
[EventCountry "FRA"]
[WhiteTeam "Arsenal"]
[BlackTeam "Lutèce Echecs"]

1. Nf3 c5 2. b3 Nc6 3. Bb2 d6 4. g3 e5 5. d3 Nge7 6. Bg2 g6 7. O-O Bg7 8. c4
O-O 9. Nc3 h6 10. e3 f5 11. Qd2 Be6 12. Na4 b6 13. Rad1 g5 14. d4 e4 15. Ne1
cxd4 16. exd4 d5 17. f3 exf3 18. Bxf3 f4 19. Qe2 Qd7 20. gxf4 Rxf4 21. Ng2 Nxd4
22. Bxd4 Bxd4+ 23. Kh1 Ng6 24. Nxf4 Nxf4 25. Qd2 Bg7 26. cxd5 Bf5 27. d6 Rd8
28. Rfe1 Nd3 29. Bd5+ Kh8 30. Re3 Nf4 31. Bf3 Ne6 32. Qd5 Nf4 33. Qc6 Bf8 34.
Qc3+ Bg7 35. Qd2 Ne6 36. Qd5 Bh3 37. Qc6 Qf7 38. Rde1 Bd4 39. Qd5 Bxe3 40. Rxe3
Qf4 41. Rd3 Bg4 42. Nc3 Bxf3+ 43. Rxf3 Qxd6 44. Qxd6 Rxd6 45. Rf7 Nf4 46. Kg1
Kg8 47. Rxa7 Rd2 48. Ne4 Rg2+ 49. Kh1 Re2 50. Nf6+ Kf8 51. Nh7+ Ke8 52. Kg1 h5
53. Kf1 Re5 54. Nf6+ Kd8 55. Rb7 Rf5 56. Ng8 g4 57. Nh6 Rf6 58. Ng8 Re6 59. Rf7
Nd5 60. Rh7 Re5 61. Nh6 Kc8 62. Nf7 Rf5+ 63. Ke2 Kb8 64. Nd6 Re5+ 65. Kd3 Nb4+
66. Kc4 Nxa2 67. Kd4 Re2 68. Rxh5 Rd2+ 69. Ke5 Nb4 70. Rh7 Nc6+ 71. Ke6 Nd4+
72. Ke5 Nf3+ 73. Kf4 Rxd6 74. Kxg4 Nd2 75. Rh3 Kb7 76. Re3 Nf1 77. Re2 Kc6 78.
h4 Rg6+ 79. Kf3 Kd5 80. h5 Rg5 81. h6 Rh5 82. Kg2 Nh2 83. Kg3 Rxh6 84. Rd2+ Kc5
85. Rd3 b5 86. Rc3+ Kb4 87. Rd3 Rh5 88. Kg2 Ng4 89. Rd4+ Kxb3 90. Rxg4 Rf5 91.
Rg3+ Ka4 92. Rg8 b4 93. Ra8+ Kb3 94. Kg3 Kc2 95. Rc8+ Kb2 96. Kg4 Rf7 97. Rb8
b3 98. Kg3 Kc2 99. Rc8+ Kb1 100. Rb8 b2 101. Kg2 Ra7 0-1

[Event "France 2019 - Accession"]
[Site "Chartres"]
[Date "2019.08.23"]
[Round "7.30"]
[White "Salles, Louis"]
[Black "Rabineau, Clement"]
[Result "0-1"]
[WhiteElo "2248"]
[BlackElo "2213"]
[PlyCount "82"]
[EventDate "2019.08.??"]
[EventType "swiss"]
[EventRounds "9"]
[EventCountry "FRA"]
[WhiteTeam "C'Chartres Echecs"]
[BlackTeam "C.E. de Rueil Malmaison"]

1. d4 d6 2. c4 e5 3. Nc3 Nd7 4. e4 Ngf6 5. d5 Be7 6. Bd3 O-O 7. h3 c6 8. Nge2
Nc5 9. Bc2 a5 10. Be3 cxd5 11. cxd5 b6 12. a3 a4 13. O-O Bd7 14. Ng3 Qb8 15.
Qd2 b5 16. Na2 Nb7 17. Rad1 Na5 18. Qe2 Nc4 19. Bc1 Rc8 20. Nb4 Qb6 21. Kh2 h6
22. Rd3 Nh7 23. Nh5 Nf8 24. f4 exf4 25. Bxf4 Ng6 26. Rg3 Bh4 27. Rc3 Nxf4 28.
Rxf4 Bg5 29. g3 Ne5 30. Re3 Qd4 31. Bd3 Rc1 32. Rff3 Rac8 33. Nf4 Nxf3+ 34.
Qxf3 Qxb2+ 35. Be2 Qf6 36. Nbd3 R1c3 37. Qf2 Rxa3 38. h4 Bxf4 39. gxf4 Rac3 40.
Qg3 Qg6 41. Qf2 a3 0-1

[Event "France 2019 - Accession"]
[Site "Chartres"]
[Date "2019.08.23"]
[Round "7.31"]
[White "Favarel, Camille"]
[Black "Devallee, Jeremie"]
[Result "0-1"]
[WhiteElo "2207"]
[BlackElo "2270"]
[PlyCount "120"]
[EventDate "2019.08.??"]
[EventType "swiss"]
[EventRounds "9"]
[EventCountry "FRA"]
[WhiteTeam "L'Echiquier du Roy René"]
[BlackTeam "C'Chartres Echecs"]

1. d4 Nf6 2. c4 c5 3. d5 b5 4. cxb5 a6 5. b6 e6 6. Nc3 exd5 7. Nxd5 Nxd5 8.
Qxd5 Nc6 9. Nf3 Be7 10. e4 O-O 11. Bc4 Rb8 12. O-O Rxb6 13. Bd2 d6 14. Qh5 Be6
15. Bd5 Qd7 16. Ng5 Bxg5 17. Qxg5 Bxd5 18. Qxd5 Qe6 19. Bc3 Nd4 20. Rae1 Nc2
21. Rd1 Re8 22. Qxe6 Rxe6 23. Rd2 Nb4 24. a3 Nc6 25. Rfd1 Ne7 26. b4 f6 27. f3
Kf7 28. Rd3 Rc6 29. Kf2 f5 30. exf5 Nxf5 31. g4 Ne7 32. bxc5 dxc5 33. Rb1 Rb6
34. Rxb6 Rxb6 35. Be5 c4 36. Rd6 Rxd6 37. Bxd6 Nd5 38. Ke2 Ke6 39. Bf8 g6 40.
Kd2 Ke5 41. Bh6 Nc7 42. a4 Kd4 43. Bg7+ Kc5 44. Bf8+ Kd5 45. h4 Ne6 46. Bh6 Nc5
47. a5 Nb3+ 48. Kc3 Nxa5 49. f4 Nb7 50. f5 gxf5 51. gxf5 Nd6 52. f6 a5 53. Bg7
Ne4+ 54. Kc2 Ke6 55. Bh8 h5 56. Kb2 Kf7 57. Kc2 Nd6 58. Kc3 Nf5 59. Kxc4 Nxh4
60. Kb5 Nf5 0-1

[Event "France 2019 - Accession"]
[Site "Chartres"]
[Date "2019.08.23"]
[Round "7.32"]
[White "Hingouet, Matthieu"]
[Black "Fantin, Ludwig"]
[Result "0-1"]
[WhiteElo "2195"]
[BlackElo "2213"]
[PlyCount "88"]
[EventDate "2019.08.??"]
[EventType "swiss"]
[EventRounds "9"]
[EventCountry "FRA"]
[WhiteTeam "Cavalier de la Tourelle Saint-Mande"]
[BlackTeam "Clermont-Ferrand Echecs"]

1. d4 Nf6 2. c4 e6 3. Nc3 Bb4 4. e3 O-O 5. Bd3 d5 6. Nf3 c5 7. O-O dxc4 8. Bxc4
Nbd7 9. Qe2 b6 10. Rd1 cxd4 11. exd4 Bxc3 12. bxc3 Qc7 13. Bg5 Bb7 14. Nd2 Rfe8
15. Rac1 Nd5 16. Qf1 Nf4 17. f3 Ng6 18. Be3 Nf6 19. Bb5 Bc6 20. Qc4 Rac8 21.
Ba6 Rb8 22. Bb5 Rec8 23. Bxc6 Qxc6 24. Qxc6 Rxc6 25. c4 Rbc8 26. Rb1 Ne7 27. g4
Ne8 28. Bf2 Nd6 29. c5 Ne8 30. Nc4 Nd5 31. Rb3 bxc5 32. dxc5 h5 33. gxh5 Nef6
34. Nd6 R8c7 35. Rb8+ Kh7 36. Nb5 Rd7 37. Nd4 Nf4 38. Re1 Rxc5 39. Ne2 Nh3+ 40.
Kg2 Nxf2 41. Kxf2 Rc2 42. Kg3 Nxh5+ 43. Kh4 Rc4+ 44. Kxh5 Rd5# 0-1

[Event "France 2019 - Accession"]
[Site "Chartres"]
[Date "2019.08.23"]
[Round "7.33"]
[White "Pham, Arthur"]
[Black "Viel, Simon"]
[Result "0-1"]
[WhiteElo "2116"]
[BlackElo "2252"]
[PlyCount "60"]
[EventDate "2019.08.??"]
[EventType "swiss"]
[EventRounds "9"]
[EventCountry "FRA"]
[WhiteTeam "Echecs 16"]
[BlackTeam "Echecs Plus de Cherbourg-Octeville"]

1. e4 e6 2. d4 d5 3. e5 c5 4. c3 Nc6 5. Nf3 Bd7 6. Bd3 cxd4 7. cxd4 Qb6 8. O-O
Nxd4 9. Nbd2 Ne7 10. Nxd4 Qxd4 11. Nf3 Qb6 12. Be3 Qd8 13. Nd4 Nc6 14. Nf3 Be7
15. a3 Qb8 16. Bf4 g5 17. Nxg5 Bxg5 18. Bxg5 Qxe5 19. Qd2 f6 20. Bf4 Qh5 21.
Be2 Qf7 22. Bd6 Ne7 23. Qb4 Bc6 24. Bh5 Qxh5 25. Bxe7 Kf7 26. Bc5 Rhg8 27. f4
d4 28. Rf2 Qd5 29. Qxd4 Rxg2+ 30. Kf1 Rg1+ 0-1

[Event "France 2019 - Accession"]
[Site "Chartres"]
[Date "2019.08.24"]
[Round "8.7"]
[White "Barseghyan, Harutyun"]
[Black "Laurent-Paoli, Pierre"]
[Result "1/2-1/2"]
[WhiteElo "2519"]
[BlackElo "2371"]
[PlyCount "120"]
[EventDate "2019.08.??"]
[EventType "swiss"]
[EventRounds "9"]
[EventCountry "FRA"]
[WhiteTeam "Nice Alekhine"]
[BlackTeam "Echecs Club Montpellier"]

1. d4 Nf6 2. c4 g6 3. Nc3 d5 4. Bf4 Bg7 5. e3 O-O 6. Rc1 Be6 7. Nf3 dxc4 8. Ng5
Bd5 9. e4 h6 10. exd5 hxg5 11. Bxg5 Nxd5 12. Bxc4 Nb6 13. Bb3 Nc6 14. Ne2 a5
15. a4 Rc8 16. O-O Nxd4 17. Nxd4 Qxd4 18. Qf3 e6 19. Rfe1 c5 20. Rcd1 Qxb2 21.
Rxe6 c4 22. Rxb6 cxb3 23. Rxb3 Qa2 24. Rxb7 Qxa4 25. h4 Qc6 26. Qxc6 Rxc6 27.
Ra7 Bf6 28. Bxf6 Rxf6 29. Rxa5 Rc8 30. Rd2 Rc7 31. g3 Kg7 32. h5 gxh5 33. Rxh5
Rh6 34. Rg5+ Rg6 35. Rb5 Rf6 36. Kg2 Rc4 37. Rb8 Ra4 38. Rb3 Rc4 39. f3 Rfc6
40. Rbb2 Rc3 41. g4 Kg6 42. Kg3 f5 43. gxf5+ Kxf5 44. Rd5+ Kg6 45. Kg4 R3c5 46.
Rxc5 Rxc5 47. Rb6+ Kf7 48. f4 Ra5 49. Rd6 Rb5 50. Rd7+ Kf6 51. Rd8 Kf7 52. Rh8
Kg7 53. Rh1 Kf6 54. Rc1 Ra5 55. Rc6+ Kf7 56. Rc2 Kf6 57. Rc6+ Kf7 58. f5 Ra1
59. Rc7+ Kf6 60. Rc6+ Kf7 1/2-1/2

[Event "France 2019 - Accession"]
[Site "Chartres"]
[Date "2019.08.24"]
[Round "8.8"]
[White "Daeschler, Florian"]
[Black "Bijaoui, Manuel"]
[Result "1-0"]
[WhiteElo "2303"]
[BlackElo "2433"]
[PlyCount "61"]
[EventDate "2019.08.??"]
[EventType "swiss"]
[EventRounds "9"]
[EventCountry "FRA"]
[WhiteTeam "Club d'Echecs de Mundolsheim"]
[BlackTeam "A.J.E. Noyon"]

1. d4 Nf6 2. c4 g6 3. g3 Bg7 4. Bg2 O-O 5. Nc3 d6 6. Nf3 Nc6 7. O-O Bf5 8. d5
Na5 9. Nd2 c6 10. b4 Nxd5 11. cxd5 Bxc3 12. e4 Bxe4 13. Nxe4 Bxa1 14. bxa5 c5
15. Bh6 Bg7 16. Qd2 Rb8 17. h4 b5 18. h5 Qd7 19. Bf3 b4 20. Bxg7 Kxg7 21. Kg2
f6 22. Rh1 g5 23. g4 Rb5 24. Re1 Rf7 25. Ng3 Rxa5 26. Nf5+ Kf8 27. Qb2 Qa4 28.
Rxe7 Qxa2 29. Rb7 Rxb7 30. Qxf6+ Ke8 31. Nxd6+ 1-0

[Event "France 2019 - Accession"]
[Site "Chartres"]
[Date "2019.08.24"]
[Round "8.9"]
[White "Ollier, Pablo"]
[Black "Mouhamad, Joachim"]
[Result "0-1"]
[WhiteElo "2382"]
[BlackElo "2288"]
[PlyCount "64"]
[EventDate "2019.08.??"]
[EventType "swiss"]
[EventRounds "9"]
[EventCountry "FRA"]
[WhiteTeam "Echiquier Médocain"]
[BlackTeam "Clichy-Echecs-92"]

1. d4 Nf6 2. c4 g6 3. Nc3 d5 4. e3 Bg7 5. Qb3 e6 6. Qa3 a5 7. Nf3 c6 8. b3 Na6
9. Bd2 Nb4 10. Rc1 O-O 11. Be2 b6 12. Na4 dxc4 13. bxc4 Ne4 14. c5 Nxd2 15.
Nxd2 bxc5 16. Nxc5 e5 17. dxe5 Bf5 18. e4 Bh6 19. Ncb3 Nd3+ 20. Bxd3 Qxd3 21.
Qd6 Bxe4 22. Qxd3 Bxd3 23. Rc3 Rfd8 24. Nc5 Bb5 25. Nde4 Rd4 26. f3 Bf4 27. e6
f5 28. g3 Be5 29. Ng5 Rad8 30. e7 Rd1+ 31. Kf2 R8d2+ 32. Ke3 Re2# 0-1

[Event "France 2019 - Accession"]
[Site "Chartres"]
[Date "2019.08.24"]
[Round "8.10"]
[White "Pigeat, Alexandre"]
[Black "Le Goff, Ronan"]
[Result "0-1"]
[WhiteElo "2377"]
[BlackElo "2303"]
[PlyCount "118"]
[EventDate "2019.08.??"]
[EventType "swiss"]
[EventRounds "9"]
[EventCountry "FRA"]
[WhiteTeam "Esbarres Bonnencontre Echecs"]
[BlackTeam "Echiquier de l'Erdre"]

1. d4 Nf6 2. c4 e6 3. Nc3 Bb4 4. e3 O-O 5. Nge2 Re8 6. a3 Bf8 7. Nf4 d6 8. Be2
e5 9. Nfd5 Nfd7 10. dxe5 dxe5 11. O-O c6 12. Nb4 a5 13. Nba2 Nc5 14. b4 Qxd1
15. Rxd1 Nb3 16. Rb1 Nxc1 17. Rbxc1 Na6 18. c5 axb4 19. axb4 Be6 20. Rd2 Nc7
21. h3 Ra3 22. Rcc2 Rea8 23. Nc1 Na6 24. N3a2 g6 25. Bc4 Bxc4 26. Rxc4 Ra4 27.
Kh2 Kg7 28. Kg3 h5 29. f4 Nxc5 30. Rxc5 Bxc5 31. bxc5 exf4+ 32. exf4 Rc4 33.
Nd3 Ra3 34. Kf3 Rxc5 35. Ke2 Rc4 36. g3 c5 37. Nac1 Rcc3 38. Kd1 Ra1 39. Ke2
Rcxc1 40. Nxc1 Rxc1 41. Rb2 Rh1 42. Kf3 h4 43. gxh4 Rxh3+ 44. Kg4 Rd3 45. Rxb7
c4 46. Rc7 c3 47. h5 gxh5+ 48. Kxh5 Kf6 49. Kg4 Ke6 50. Rc6+ Kd5 51. Rc7 Kd4
52. Rd7+ Ke3 53. Rxf7 c2 54. Rc7 Kd2 55. Rxc2+ Kxc2 56. f5 Kc3 57. f6 Kc4 58.
f7 Rd8 59. Kf5 Kd5 0-1

[Event "France 2019 - Accession"]
[Site "Chartres"]
[Date "2019.08.24"]
[Round "8.11"]
[White "Nguyen, Vincent"]
[Black "Gatineau, Yovann"]
[Result "1-0"]
[WhiteElo "2288"]
[BlackElo "2363"]
[PlyCount "65"]
[EventDate "2019.08.??"]
[EventType "swiss"]
[EventRounds "9"]
[EventCountry "FRA"]
[WhiteTeam "La tour de Juvisy"]
[BlackTeam "Mulhouse Philidor"]

1. e4 e5 2. Nf3 Nc6 3. Bc4 Nf6 4. d3 Be7 5. O-O O-O 6. Re1 d6 7. a4 Kh8 8. Ng5
Qe8 9. Nc3 h6 10. Nf3 Bg4 11. h3 Bh5 12. Bb5 Qc8 13. Be3 Nd4 14. Bxd4 exd4 15.
Nd5 Nxd5 16. exd5 Bf6 17. g4 Bg6 18. Qd2 a6 19. Bc4 Qd7 20. Qf4 Rae8 21. Bb3
Kg8 22. Kg2 Be5 23. Nxe5 dxe5 24. Rxe5 Qd6 25. Rae1 f6 26. Rxe8 Qxf4 27. d6+
Bf7 28. Bxf7+ Kxf7 29. Rxf8+ Kxf8 30. d7 Qd6 31. Re8+ Kf7 32. d8=Q Qc6+ 33. Re4
1-0

[Event "France 2019 - Accession"]
[Site "Chartres"]
[Date "2019.08.24"]
[Round "8.12"]
[White "Debray, Christopher"]
[Black "Cotonnec, Melkior"]
[Result "1-0"]
[WhiteElo "2352"]
[BlackElo "2299"]
[PlyCount "34"]
[EventDate "2019.08.??"]
[EventType "swiss"]
[EventRounds "9"]
[EventCountry "FRA"]
[WhiteTeam "Grasse Echecs"]
[BlackTeam "C.E. de Rueil Malmaison"]

1. e4 e6 2. d4 d5 3. Nc3 Nf6 4. Bg5 Bb4 5. Bd3 h6 6. Bxf6 Qxf6 7. Nf3 c5 8.
exd5 exd5 9. O-O Bxc3 10. bxc3 O-O 11. h3 c4 12. Be2 Nc6 13. Rb1 b6 14. Rb5 Qd6
15. Nh2 Bd7 16. Bf3 Nxd4 17. Rxd5 Nxf3+ 1-0

[Event "France 2019 - Accession"]
[Site "Chartres"]
[Date "2019.08.24"]
[Round "8.13"]
[White "Meunier, Clement"]
[Black "Willems, Niels"]
[Result "1/2-1/2"]
[WhiteElo "2291"]
[BlackElo "2351"]
[PlyCount "31"]
[EventDate "2019.08.??"]
[EventType "swiss"]
[EventRounds "9"]
[EventCountry "FRA"]
[WhiteTeam "L'Echiquier du Roy René"]
[BlackTeam "Echecs Club Montpellier"]

1. c4 e5 2. Nc3 Nf6 3. Nf3 Nc6 4. e4 Bc5 5. Nxe5 Nxe5 6. d4 Bb4 7. dxe5 Nxe4 8.
Qf3 Nxc3 9. bxc3 Bc5 10. Qg3 g6 11. Bg5 Be7 12. Bh6 Bf8 13. Bg5 Be7 14. Bh6 Bf8
15. Bg5 Be7 16. Bh6 1/2-1/2

[Event "France 2019 - Accession"]
[Site "Chartres"]
[Date "2019.08.24"]
[Round "8.14"]
[White "Defromont, Benjamin"]
[Black "Bujisho, Benjamin"]
[Result "1/2-1/2"]
[WhiteElo "2236"]
[BlackElo "2317"]
[PlyCount "82"]
[EventDate "2019.08.??"]
[EventType "swiss"]
[EventRounds "9"]
[EventCountry "FRA"]
[WhiteTeam "Cannes Echecs"]
[BlackTeam "Chevau-légers de la Choisille"]

1. e4 g6 2. d4 Bg7 3. Nf3 d6 4. Bc4 a6 5. O-O e6 6. Bb3 Ne7 7. Re1 b6 8. Nbd2
h6 9. Nf1 Bb7 10. Ng3 Nd7 11. c3 O-O 12. h4 Nf6 13. h5 d5 14. e5 Nh7 15. Bc2
Nf5 16. Bf4 g5 17. Qd3 Bc8 18. Bd2 c5 19. Nh2 c4 20. Qf3 Nh4 21. Qe2 f5 22.
exf6 Nxf6 23. f4 gxf4 24. Bxf4 Ne4 25. Nxe4 Rxf4 26. g3 Rf7 27. gxh4 dxe4 28.
Qxe4 Raa7 29. Re2 Kf8 30. Rf1 Qd6 31. Qg2 e5 32. d5 Rxf1+ 33. Kxf1 Rf7+ 34. Rf2
Rf4 35. Be4 Qf6 36. Rxf4 exf4 37. Nf3 b5 38. a3 a5 39. Qg6 Ke7 40. Nd4 Bd7 41.
Nc6+ Kf8 1/2-1/2

[Event "France 2019 - Accession"]
[Site "Chartres"]
[Date "2019.08.24"]
[Round "8.15"]
[White "Delorme, Alban"]
[Black "Degardin, Sylvain"]
[Result "1-0"]
[WhiteElo "2308"]
[BlackElo "2189"]
[PlyCount "105"]
[EventDate "2019.08.??"]
[EventType "swiss"]
[EventRounds "9"]
[EventCountry "FRA"]
[WhiteTeam "Echecs 16"]
[BlackTeam "Mulhouse Philidor"]

1. e4 c5 2. Nf3 d6 3. Bb5+ Nd7 4. c3 Ngf6 5. Qe2 a6 6. Ba4 b5 7. Bc2 Bb7 8. d4
e6 9. a4 Be7 10. Bg5 O-O 11. Nbd2 cxd4 12. Nxd4 bxa4 13. Bxa4 Nc5 14. Bc2 a5
15. O-O Ba6 16. c4 Qb6 17. Be3 Qc7 18. Rfc1 g6 19. Nb5 Bxb5 20. cxb5 Nfd7 21.
Bd4 e5 22. Bc3 Bg5 23. Rd1 Rfc8 24. Nc4 Nb7 25. Ne3 Nb6 26. Bb3 Bxe3 27. Qxe3
Qc5 28. Qh6 Rc7 29. Rd3 Qxb5 30. Rh3 Rac8 31. Qxh7+ Kf8 32. Bd2 a4 33. Bg5 Ke8
34. Bxf7+ Rxf7 35. Qg8+ Kd7 36. Qxf7+ Kc6 37. b3 Nc5 38. bxa4 Qb2 39. Rc1 Rc7
40. Qe8+ Kb7 41. Qb5 Qxb5 42. axb5 Nxe4 43. Rxc7+ Kxc7 44. Rh7+ Kc8 45. Be3 Nc4
46. h4 d5 47. b6 Kb8 48. Rc7 Ned6 49. Bc5 Nb5 50. Rd7 d4 51. g4 Kc8 52. b7+ Kb8
53. h5 1-0

[Event "France 2019 - Accession"]
[Site "Chartres"]
[Date "2019.08.24"]
[Round "8.16"]
[White "Boyer, Mahel"]
[Black "Razafindratsima, Timothe"]
[Result "1-0"]
[WhiteElo "2341"]
[BlackElo "2230"]
[PlyCount "62"]
[EventDate "2019.08.??"]
[EventType "swiss"]
[EventRounds "9"]
[EventCountry "FRA"]
[WhiteTeam "Echiquier Nîmois"]
[BlackTeam "Cannes Echecs"]

1. d4 Nf6 2. Nf3 g6 3. e3 Bg7 4. Be2 O-O 5. O-O d5 6. b4 a5 7. b5 Nbd7 8. Nbd2
Re8 9. Bb2 a4 10. a3 Ne4 11. c4 c6 12. Rc1 Nb6 13. bxc6 bxc6 14. Nxe4 dxe4 15.
Nd2 e5 16. dxe5 Bxe5 17. Bxe5 Rxe5 18. c5 Nd5 19. Nc4 Re8 20. Nd6 Rf8 21. Nxe4
Qa5 22. Qd4 Ba6 23. Bxa6 Qxa6 24. h4 f5 25. Nd6 Qa7 26. Rb1 Rab8 27. h5 Rb3 28.
e4 fxe4 29. hxg6 hxg6 30. Qxe4 Nf4 31. Qc4+ Kh8 {gain blanc au 77ème coup} 1-0